Statistics for Countries with Cypriot embassies

Click here to take the quiz!

General Stats

  • This quiz has been taken 21 times
  • The average score is 38 of 45

Answer Stats

Continent Country % Correct
EuropeUnited Kingdom
100%
North AmericaCanada
100%
EuropeDenmark
100%
EuropeFrance
100%
North AmericaUnited States of America
95%
EuropePortugal
95%
EuropeSweden
95%
EuropeIreland
95%
EuropeGermany
95%
EuropeGreece
95%
EuropePoland
90%
Europethe Netherlands
90%
EuropeSpain
90%
EuropeAustria
90%
EuropeItaly
90%
Asia/ EuropeRussia
90%
EuropeRomania
90%
AsiaChina
90%
EuropeBelgium
90%
EuropeFinland
90%
South AmericaBrazil
90%
AfricaEgypt
90%
EuropeBulgaria
90%
North AmericaCuba
86%
EuropeHungary
86%
EuropeUkraine
86%
EuropeCzech Republic
86%
OceaniaAustralia
86%
EuropeSlovakia
81%
EuropeSerbia
81%
AsiaIsrael
81%
AsiaUnited Arab Emirates
81%
AfricaSouth Africa
76%
AsiaJordan
76%
North AmericaMexico
76%
AsiaLebanon
76%
AsiaIran
76%
AsiaIndia
76%
EuropeVatican City
76%
AsiaIndonesia
71%
AsiaQatar
57%
AsiaOman
57%
AfricaLibya
52%
AsiaKuwait
52%
AsiaPalestine
29%

Score Distribution

Percentile by Number Answered

Percent of People with Each Score

Your Score History

You have not taken this quiz